000 00740nam a22001577a 4500
003 OSt
005 20150918174752.0
008 150918b xxu||||| |||| 00| 0 eng d
040 _cRUA
082 _aAGR CHH 2005 B032 Or.1
100 _9808
_aCHHOR PORHENG
245 _aEffect of different organic ferilizer on sweet pepper under crop station condition of the royal university of agriculture,(ឥទ្ធិពលជីធម្មជាតិទៅលើម្ទេសហាវៃក្នុងលក្ខខណ្ឌស្ថានីយ៍ដំនាំនៃសាកលវិទ្យាល័យភូមិន្ទកសិកម្ម)
260 _aphnom penh
_bRUA
_c2005
300 _avi,57p.
_cill.
_g29cm.
942 _2ddc
_cAGR
999 _c779
_d779